Abenteuer Sprache Ein Streifzug durch die Sparchen der Erde

Bibliographic Details
Main Author: Störig, Hans Joachim, 1915-2012 (Author)
Format: Book
Language:German
PhysicalDescription:398 s. 22 cm
Published: Berlin Langenscheidt 1995
ISBN:3468449909
Edition:7. Aufl.

MARC

LEADER 00000cam a2200000 a 4500
001 vtls001178969
003 SK-MaSNL
005 20260301002619.0
008 250414s1995 gw g 00000 ger
020 |a 3468449909 
035 |a SNK000121971 
040 |a SNK  |b slo  |c SNK  |e AACR2 
041 0 |a ger 
044 |a gw  |c DE 
080 |a 802/809  |2 1981 
100 1 |a Störig, Hans Joachim,  |d 1915-2012  |4 aut  |9 282717 
245 1 0 |a Abenteuer Sprache  |b Ein Streifzug durch die Sparchen der Erde  |c Hans Joachim Störig 
250 |a 7. Aufl. 
260 |a Berlin  |b Langenscheidt  |c 1995 
300 |a 398 s.  |c 22 cm 
852 |a Slovenská národná knižnica 
919 |a 3-468-44990-9 
954 |a jazyky sveta 
999 |c 537705  |d 539635 
952 |t P60, <04>, [BOOK], {604}  |a SNK  |b SNK  |y VYP  |7 0  |p 17A0255117  |o snkIC 125003  |0 0  |1 0  |4 0  |d 2000-10-20  |l 0  |r 2005-01-01 00:00:00  |w 2026-02-23